000 002320000a22000970004500
100 1 _aAnderson, G. W.
245 1 0 _aP.H.A. de Boer
300 _aVol. 40, Num. 1 (Enero, 1990), Páginas 1-3
773 0 _tVetus Testamentum
942 _cANA
999 _c57605
_d57605